000
00237 a2200097 4500
001
16661
100
_a
Ahmad Khurshid
245
_a
Islam its meaning and massage
260
_a
London
_b
Islamic council of Europe
_c
090
_c
12561
_d
12561
942
_a
NUST-CAE
_c
M
_c
2849
999
_c
251734
_d
251734